000 00277nam a22000977a 4500
008 240219b |||||||| |||| 00| 0 eng d
082 _a922 P15g Ej.1
100 1 0 _aPankhurst, Kate
_eautor
_943433
245 _aGrandes mujeres que cambiaron el mundo /
_cKate Pankhurst
942 _2ddc
999 _c30603
_d16987